00923cam a2200241u 450000100060000000300080000600500170001400800410003103500190007204000330009104100080012408200180013210000170015024500300016726000540019730000200025150001120027150000380038350000240042150000540044550001700049965000120066919578BD-RjUL20211209000442.0140225r19371954enk 000 0 eng d a(BD-RjUL)19638 aDLCcCarPdDLCdBD-RjULbeng aeng00a823bJOU 19541 aJoyce, James00aUlysses.cBy James Joyce. aLondon :bThe Bodley Head,c1937 [Reprinted 1954] a665p. ;.c21cm. aStarring Milo O'Shea, Barbara Jefford, and Maurice Roeves, with supporting cast. Directed by Joseph Strick. aDuration: 1 hr., 38 min., 20 sec. aAutomatic sequence. a"Electronically re-channelled for stereo effect." aBooklet, with biographical sketches of the performers, and an essay "Ullysses, by Bosley Crowther, from his book The great films" ([17] p. illus.) laid in container. 0aFiction